000
00222 a2200097 4500
000
nam a22 7a 4500
005
20260302114911.0
100
_a
Pinker, Stevan
_9
1120111
245
_a
How the Mind Works
942
_c
TEXL
999
_c
1684234
_d
1684234